<?xml version="1.0" encoding="UTF-8"?>
<record
    xmlns:xsi="http://www.w3.org/2001/XMLSchema-instance"
    xsi:schemaLocation="http://www.loc.gov/MARC21/slim http://www.loc.gov/standards/marcxml/schema/MARC21slim.xsd"
    xmlns="http://www.loc.gov/MARC21/slim">

  <leader>01089    a2200241   4500</leader>
  <controlfield tag="005">20080826153945.0</controlfield>
  <controlfield tag="008">080826t        xxu||||| |||| 00| 0 hin d</controlfield>
  <datafield tag="010" ind1=" " ind2=" ">
    <subfield code="a">HIN-83158</subfield>
  </datafield>
  <datafield tag="020" ind1=" " ind2=" ">
    <subfield code="c">160.00</subfield>
    <subfield code="a">8186209581</subfield>
  </datafield>
  <datafield tag="035" ind1=" " ind2=" ">
    <subfield code="a">HN-55504</subfield>
  </datafield>
  <datafield tag="037" ind1=" " ind2=" ">
    <subfield code="b">&#x92A;&#x941;.&#x92A;&#x94D;&#x930;.&#x905;.&#x92A;&#x94D;&#x930; /&#x92A;&#x94D;&#x930;&#x915;&#x93E;</subfield>
  </datafield>
  <datafield tag="082" ind1=" " ind2=" ">
    <subfield code="a">821</subfield>
  </datafield>
  <datafield tag="100" ind1=" " ind2=" ">
    <subfield code="a">&#x917;&#x941;&#x92A;&#x94D;&#x924;&#x93E;, &#x935;&#x93F;&#x92E;&#x932;&#x93E;</subfield>
  </datafield>
  <datafield tag="245" ind1=" " ind2=" ">
    <subfield code="a">&#x92A;&#x902;&#x916;&#x939;&#x940;&#x928; &#x909;&#x921;&#x93C;&#x93E;&#x928; /</subfield>
    <subfield code="c">&#x935;&#x93F;&#x92E;&#x932;&#x93E; &#x917;&#x941;&#x92A;&#x94D;&#x924;&#x93E;</subfield>
  </datafield>
  <datafield tag="246" ind1=" " ind2=" ">
    <subfield code="a">Pankhheen Udan</subfield>
    <subfield code="b">by Vimla Gupta</subfield>
  </datafield>
  <datafield tag="260" ind1=" " ind2=" ">
    <subfield code="a">&#x939;&#x93E;&#x92A;&#x941;&#x921;&#x93C;</subfield>
    <subfield code="b">&#x938;&#x902;&#x92D;&#x93E;&#x935;&#x928;&#x93E; &#x92A;&#x94D;&#x930;&#x915;&#x93E;&#x936;&#x928;</subfield>
    <subfield code="c">2007</subfield>
  </datafield>
  <datafield tag="270" ind1=" " ind2=" ">
    <subfield code="a">64, &#x930;&#x947;&#x935;&#x924;&#x940; &#x915;&#x941;&#x902;&#x91C;</subfield>
    <subfield code="b">&#x939;&#x93E;&#x92A;&#x941;&#x921;&#x93C;</subfield>
    <subfield code="e">245101</subfield>
  </datafield>
  <datafield tag="300" ind1=" " ind2=" ">
    <subfield code="a">152&#x92A;&#x943;</subfield>
    <subfield code="c">22 &#x938;&#x947;&#x92E;&#x940; (&#x938;&#x91C;&#x93F;&#x932;&#x94D;&#x926;)</subfield>
  </datafield>
  <datafield tag="650" ind1=" " ind2=" ">
    <subfield code="a">&#x939;&#x93F;&#x928;&#x94D;&#x926;&#x940;  &#x915;&#x935;&#x93F;&#x924;&#x93E;&#x90F;&#x901;</subfield>
  </datafield>
  <datafield tag="650" ind1=" " ind2=" ">
    <subfield code="a">Hindi   Poems</subfield>
  </datafield>
  <datafield tag="942" ind1=" " ind2=" ">
    <subfield code="a">dpl</subfield>
    <subfield code="c">HN</subfield>
    <subfield code="k">821 / &#x917;&#x941;&#x92A;&#x94D;&#x924;&#x93E;&#x935;&#x93F;</subfield>
    <subfield code="2">ddc</subfield>
    <subfield code="h">821</subfield>
    <subfield code="m">&#x917;&#x941;&#x92A;&#x94D;&#x924;&#x93E;&#x935;&#x93F;</subfield>
  </datafield>
  <datafield tag="999" ind1=" " ind2=" ">
    <subfield code="c">11799</subfield>
    <subfield code="d">11799</subfield>
  </datafield>
  <datafield tag="952" ind1=" " ind2=" ">
    <subfield code="0">0</subfield>
    <subfield code="1">0</subfield>
    <subfield code="4">0</subfield>
    <subfield code="7">0</subfield>
    <subfield code="a">DBAD</subfield>
    <subfield code="b">DBAD</subfield>
    <subfield code="d">0000-00-00</subfield>
    <subfield code="g">160.00</subfield>
    <subfield code="l">0</subfield>
    <subfield code="o">821 &#x917;&#x941;&#x92A;&#x94D;&#x924;&#x93E;&#x935;&#x93F;</subfield>
    <subfield code="p">HN-55504</subfield>
    <subfield code="r">2008-09-15 00:00:00</subfield>
    <subfield code="t">1</subfield>
    <subfield code="u">12914</subfield>
    <subfield code="v">160.00</subfield>
    <subfield code="w">2008-09-15</subfield>
    <subfield code="y">HN</subfield>
  </datafield>
</record>
